Представление документа в формате MARC21

ПолеНазваниеЗначение
  Тип записи a
  Библиографический уровень m
001 Контрольный номер RU\infra-m\znanium\bibl\2244079
005 Дата корректировки 20260429142156.4
008 Кодируемые данные 260410s2026 RU g rus u
020 Индекс ISBN __
a ISBN 978-5-16-021978-3
020 Индекс ISBN __
a ISBN 978-5-16-109987-2 (электр. издание)
040 Источник каталогиз. __
a Служба первич. каталог. Общество с ограниченной ответственностью «ЗНАНИУМ»
041 Код языка издания __
a Код языка текста rus
044 Код страны публикации __
a Код страны публикации RU
080 Индекс УДК __
a Индекс УДК 372.881.1(075.8)
084 Индекс другой классификации/Индекс ББК __
2 Источник индекса rubbk
a Индекс другой классификации/Индекс ББК 74.58:81.2-9я73
084 Индекс другой классификации/Индекс ББК __
2 Источник индекса okso
a Индекс другой классификации/Индекс ББК 44.03.05
084 Индекс другой классификации/Индекс ББК __
2 Источник индекса okso
a Индекс другой классификации/Индекс ББК 44.04.01
100 Автор __
a Автор Дмитренко Т.А.
q Полное имя Дмитренко Татьяна Алексеевна
u Дополнение Московский педагогический государственный университет
245 Заглавие __
a Заглавие Современные технологии обучения иностранному языку в системе высшего образования
b Продолж. заглавия Учебное пособие
c Ответственность Московский педагогический государственный университет
250 Сведения об издании __
g исп. и доп
a Основные сведения об издании 2
260 Выходные данные __
a Место издания Москва
b Издательство ООО "Научно-издательский центр ИНФРА-М"
c Дата издания 2026
300 Физическое описание __
a Объем 188 с.
440 Серия __
a Серия Высшее образование
520 Аннотация __
a Аннотация Учебное пособие посвящено рассмотрению современных технологий обучения иностранным языкам в условиях обновления языкового образования в высшей школе. Представлены современные инновационные технологии обучения иностранным языкам способствующие интенсификации учебного процесса и активизации учебной деятельности на занятиях по иностранному языку. Рекомендуется для студентов обучающихся в магистратуре — будущих специалистов в сфере межкультурных коммуникаций.
521 Примеч. о цел. назн. __
a Примеч. о целев. назн. ВО - Магистратура
650 Тематические рубрики __
a Основная рубрика Филологические науки
x Основная подрубрика Общие вопросы. Лингвистика
655 Указ. предметных рубрик (устаревшее) __
a Жанр/ форма (устаревшее) Учебное пособие
856 Электронный адрес документа 4_
a Имя сервера/домена znanium.ru
m Помощь ebs_support@infra-m.ru
n Местонахождение сервера НИЦ ИНФРА-М
u URL https://znanium.ru/catalog/document?id=478976
856 Электронный адрес документа 48
a Имя сервера/домена znanium.ru
d Путь /cover/2244
f Электронное имя 2244079.jpg
q Тип электронного формата image/jpeg
u URL https://znanium.ru/cover/2244/2244079.jpg
911 __
u 0030=https://znanium.ru/catalog/document?id=478976